000 00479nam a22001577a 4500
005 20231030124802.0
008 231030b |||||||| |||| 00| 0 eng d
041 _aEnglish
082 _a347.6 ODO
100 _aO'Dowd, AP
_lEnglish
245 _aThe Law of Evidence in South Africa /
_cAP O'Dowd
260 _aCape Town :
_bJuta & Company Limited,
_c1963
300 _bxxxi, 195 pages ;
_c26 cm.
650 _alegal practice
_bLaw
942 _cBK
_6ALISON_BN_VRIES
999 _c146
_d146